El tercer vidente y otros cuentos / (Record no. 72546)

MARC details
000 -LEADER
campo de control de longitud fija 00550nam a2200169 i 4500
001 - NÚMERO DE CONTROL
campo de control 72546
003 - IDENTIFICADOR DE NÚMERO DE CONTROL
campo de control ES-MaACL
007 - CAMPO FIJO DE DESCRIPCIÓN FÍSICA--INFORMACIÓN GENERAL
campo de control de longitud fija t|
008 - DATOS DE LONGITUD FIJA--INFORMACIÓN GENERAL
campo de control de longitud fija 040901s1970 mx ||||1| spa d
100 1# - ENTRADA PRINCIPAL--NOMBRE DE PERSONA
Nombre de persona Glasgow, Ellen.
9 (RLIN) 57400
245 13 - MENCIÓN DEL TÍTULO
Título El tercer vidente y otros cuentos /
Mención de responsabilidad, etc. de Ellen Glasgow ; compilados por Richard K. Meeker ; [traducido por Pilar Angulo].
260 ## - PUBLICACIÓN, DISTRIBUCIÓN, ETC.
Lugar de publicación, distribución, etc. México :
Nombre del editor, distribuidor, etc. Pax-México,
Fecha de publicación, distribución, etc. [1970]
300 ## - DESCRIPCIÓN FÍSICA
Extensión XI, 338 p. ;
Dimensiones 21 cm.
700 1# - ENTRADA AGREGADA--NOMBRE PERSONAL
Nombre de persona Meeker, Ricahrd K.
9 (RLIN) 79788
700 1# - ENTRADA AGREGADA--NOMBRE PERSONAL
Nombre de persona Angulo, Pilar.
9 (RLIN) 21783
852 ## - LOCALIZACIÓN
Ubicación ES-MaACL
Número de control de estantería E-9256
Sublocalización o colección R.93852
Holdings
Estatus retirado Estado de pérdida Estado de daño No para préstamo Biblioteca de origen Biblioteca actual Ubicación en estantería Fecha de adquisición Fuente de adquisición Total de préstamos Signatura topográfica completa Código de barras Visto por última vez Precio de reemplazo Tipo de ítem Koha
        Biblioteca del Ateneo de Madrid Biblioteca del Ateneo de Madrid Depósito 2 17/01/2008     E-9256 1075947 23/02/2023 23/02/2023 Libro impreso